Ministres de la Santé de la Ve République - Statistiques

Statistiques générales
  • Ce quiz a été pris 119 fois
    54 depuis la dernière actualisation
  • Le résultat moyen est 14 sur 39
Statistiques - réponses
Nom du Ministère Gouvernement(s) Dates de fonction Nom du ministre % Correct
Solidarités et Santé Philippe II, Castex 2020-2022 Olivier Véran
90%
Travail, Santé et Solidarités Attal 2024 Catherine Vautrin
86%
Travail, Santé, Solidarités et Famille Bayrou, Lecornu I 2024-2025 Catherine Vautrin
86%
Solidarités et Santé Philippe I et II 2017-2020 Agnès Buzyn
76%
Santé et prévention Borne 2023 Aurélien Rousseau
71%
Affaires sociales et Santé Ayrault I et II, Valls I et II, Cazeneuve 2012-2017 Marisol Touraine
71%
Santé, jeunesse et sports Fillon I et II 2007-2010 Roselyne Bachelot
71%
Santé et action humanitaire Bérégovoy 1992-1993 Bernard Kouchner
62%
Secrétaire d’État chargé de la Santé Jospin 1997-1999 Bernard Kouchner
62%
Ministre délégué chargé de la Santé Jospin 2001-2002 Bernard Kouchner
62%
Santé et sécurité sociale Chirac I, Barre I à III 1974-1979 Simone Veil
52%
Affaires sociales, santé et ville Balladur 1993-1995 Simone Veil
52%
Santé et solidarités Villepin 2005-2007 Xavier Bertrand
52%
Travail, emploi et Santé Fillon III 2010-2012 Xavier Bertrand
52%
Santé et prévention Borne 2023 Agnès Firmin-le-Bodo
43%
Santé et prévention Borne 2022 Brigitte Bourguignon
38%
Santé et prévention Borne 2022-2023 François Braun
38%
Santé et Accès aux Soins Barnier 2024 Geneviève Darrieussecq
38%
Solidarité, Santé et familles Raffarin III 2004-2005 Philippe Douste-Blazy
33%
Santé, famille et personnes handicapées Raffarin I et II 2002-2004 Jean-François Mattéi
29%
Santé, Familles, Autonomie et Personnes handicapées Lecornu II 2025 Stéphanie Rist
29%
Ministre délégué chargé de la santé et de la protection sociale Rocard I 1988 Claude Evin
24%
Solidarité, Santé et Protection Sociale Rocard II 1988-1990 Claude Evin
24%
Santé publique et assurance-maladie Juppé I 1995 Elisabeth Hubert
14%
Santé publique Messmer I 1972-1973 Jean Foyer
14%
Santé et solidarités Villepin 2007 Philippe Bas
14%
Santé publique et sécurité sociale Chaban-Delmas 1969-1972 Robert Boulin
14%
Santé publique et population Debré 1959-1961 Bernard Chenot
10%
Secrétaire d’État chargée de la Santé et des handicapés Jospin 1999-2001 Dominique Gillot
10%
Santé Mauroy I 1981 Edmond Hervé
10%
Secrétaire d'Etat chargé de la Santé Mauroy III, Fabius 1983-1986 Edmond Hervé
10%
Secrétaire d’État à la Santé et à la Sécurité Sociale Juppé II 1995-1997 Hervé Gaymard
10%
Santé Mauroy II 1981-1983 Jack Ralite
10%
Santé et sécurité sociale Barre III 1979-1981 Jacques Barrot
10%
Santé publique et sécurité sociale Messmer II et III 1973-1974 Michel Poniatowski
10%
Ministre délégué chargé de la santé Rocard II, Cresson 1990-1992 Bruno Durieux
5%
Santé publique et population Debré et Pompidou I 1961-1962 Joseph Fontanet
5%
Ministre déléguée chargée de la santé et de la famille Chirac II 1986-1988 Michèle Barzach
5%
Santé publique et population Pompidou I et II 1962-1966 Raymond Marcellin
5%
Aucun quiz correspondant
Distribution des résultats
% des personnes avec chaque résultat
Percentile par nombre de réponses
Votre historique - résultats
Vous n’avez pas pris ce quiz depuis la dernière actualisation